| 000 | 00706 a2200205 4500 | ||
|---|---|---|---|
| 008 | 131226t20152015mau g b 001 0 eng d | ||
| 020 | _a9781284049190 (pbk.) | ||
| 020 | _a1284049191 (pbk.) | ||
| 082 | 0 | 0 |
_a518.1 _223 _bNRF |
| 100 | 1 |
_aNeapolitan, Richard E., _950039 |
|
| 245 | 1 | 0 |
_aFoundations of algorithms / _cRichard E. Neapolitan. |
| 250 | _a5th ed. | ||
| 260 |
_aPublisher: Burlington, MA : _bJones & Bartlett Learning, _c2014. |
||
| 300 |
_axvii, 676 p. ; _c24 cm |
||
| 504 | _aIncludes bibliographical references (pages 653-658) and index. | ||
| 650 | 0 |
_aAlgorithms. _950040 |
|
| 650 | 0 |
_aConstructive mathematics. _950041 |
|
| 650 | 0 |
_aComputational complexity. _950042 |
|
| 942 |
_2ddc _cBOOK |
||
| 999 |
_c37850 _d272350 |
||